Statystyki dla Europejska geografia na literę I

Kliknij tutaj aby rozwiązać quiz!

Ogólne statystyki

  • Ten quiz został rozwiązany 82 razy
  • Średni wynik to 6 z 12

Statystyki odpowiedzi

WskazówkaOdpowiedź% Poprawnych
Europejskie państwo na literę IIslandia
96%
Europejskie państwo na literę IIrlandia
93%
Półwysep na którym leży Hiszpania i PortugaliaIberyjski
87%
Najpopularniejsze męskie imię w
Bułgarii, Chorwacji i ewentualnie Rosji
Iwan
85%
Miasto-gospodarz Austriackich Zimowych Igrzysk OlimpijskichInnsbruck
63%
Wyspa nad Morzem Jońskim, dom OdyseuszaItaka
63%
Ten kraj jest największym źródłem
imigranci do Wielkiej Brytanii
Indie
60%
Stolica hrabstwa SuffolkIpswich
19%
Region we Francji z ParyżemÎle-de-France
18%
„Stolica” wyżyn w SzkocjiInverness
16%
Jezioro w Holandii, stworzone przez
zamknięcie Zuiderzee
IJsselmeer
0%
Wyspa na Hebrydach znana z
turystyki i szkockiej whisky
Islay
0%

Rozkład punktacji

Percentyl według liczby udzielonych odpowiedzi

Procent ludzi z każdym wynikiem

Twoja historia wyników

Nie rozwiązałeś tego quizu